La museología (Record no. 114)

MARC details
000 -CABECERA
campo de control de longitud fija 00845nam a2200265 a 4500
001 - NÚMERO DE CONTROL
campo de control BRCA_131
005 - FECHA Y HORA DE LA ÚLTIMA TRANSACCIÓN
campo de control 20190320202908.0
008 - DATOS DE LONGITUD FIJA--INFORMACIÓN GENERAL
campo de control de longitud fija 010712s1993 sp-a---##b---#001-0#spa-d
020 ## - NÚMERO INTERNACIONAL ESTÁNDAR DEL LIBRO
Número Internacional Estándar del Libro 8446001713
040 ## - FUENTE DE LA CATALOGACIÓN
Centro catalogador/agencia de origen PBR
Centro/agencia transcriptor PBR
Centro/agencia modificador XRW
041 ## - CÓDIGO DE LENGUA
Código de lengua del texto/banda sonora o título independiente spa
Código de lengua original fre
050 #4 - SIGNATURA TOPOGRÁFICA DE LA BIBLIOTECA DEL CONGRESO
Número de clasificación AM5
Número de documento/Ítem .R58 1993
100 1# - ENTRADA PRINCIPAL--NOMBRE DE PERSONA
Nombre de persona Revière, George Henri
9 (RLIN) 520
245 10 - MENCIÓN DE TÍTULO
Título La museología
Resto del título curso de museología, textos y testimonios
Mención de responsabilidad, etc. Georges Henri Rivière ; traducción Antón Rodríguez Casal.
260 ## - PUBLICACIÓN, DISTRIBUCIÓN, ETC.
Lugar de publicación, distribución, etc. Madrid
Nombre del editor, distribuidor, etc. Akal
Fecha de publicación, distribución, etc. c1993
300 ## - DESCRIPCIÓN FÍSICA
Extensión 533 p.
Otras características físicas il.
Dimensiones 25 cm.
440 #0 - MENCIÓN DE SERIE/PUNTO DE ACCESO ADICIONAL--TÍTULO
Título Akal
Nombre de parte o sección de la obra Arte y estética
Designación de volumen o secuencia 30
9 (RLIN) 521
500 ## - NOTA GENERAL
Nota general Traducción de: La Muséologie
500 ## - NOTA GENERAL
Nota general Incluye índice de nombres
504 ## - NOTA DE BIBLIOGRAFÍA, ETC.
Nota de bibliografía, etc. Bibliografía: p. 497-519
650 14 - PUNTO DE ACCESO ADICIONAL DE MATERIA--TÉRMINO DE MATERIA
Término de materia o nombre geográfico como elemento de entrada Museología
Subdivisión de forma Cursos
9 (RLIN) 522
650 14 - PUNTO DE ACCESO ADICIONAL DE MATERIA--TÉRMINO DE MATERIA
Término de materia o nombre geográfico como elemento de entrada Museografía
9 (RLIN) 523
700 1# - PUNTO DE ACCESO ADICIONAL--NOMBRE DE PERSONA
Nombre de persona Rodríguez Casal, Antón
9 (RLIN) 524
942 ## - ELEMENTOS DE PUNTO DE ACCESO ADICIONAL (KOHA)
Fuente del sistema de clasificación o colocación Library of Congress Classification
Tipo de ítem Koha Libros
Holdings
Estado de retiro Estado de pérdida Estado dañado No para préstamo Localización permanente Ubicación/localización actual Fecha de adquisición Total de préstamos Signatura topográfica completa Código de barras Fecha visto por última vez Precio válido a partir de Tipo de ítem Koha
El ejemplar forma parte de la colección y puede ser consultado según las políticas vigentes.       Biblioteca del Museo Franz Mayer (Rogerio Casas-Alatriste) Biblioteca del Museo Franz Mayer (Rogerio Casas-Alatriste) 25/06/2008   AM5 .R58 1993 00126 22/03/2019 22/03/2019 Libros